Z jakiego państwa są ci kierowcy Formuły - Statystyki

Ogólne statystyki
  • Ten quiz został rozwiązany 908 razy
    818 od ostatniego zresetowania
  • Średni wynik to 50 z 70
Statystyki odpowiedzi
Obrazkowy Hint Odpowiedź % Poprawnych
Lewis Hamilton Wielka Brytania
100%
Sebastian Vettel Niemcy
98%
Fernando Alonso Hiszpania
97%
Robert Kubica Polska
97%
Charles Leclerc Monako
96%
Sergio Perez Meksyk
95%
Nico Rosberg Niemcy
95%
George Russell Wielka Brytania
95%
Kimi Raikkonen Finlandia
94%
Michael Schumacher Niemcy
92%
Pierre Gasly Francja
91%
Jenson Button Wielka Brytania
91%
Nico Hulkenberg Niemcy
90%
Daniel Ricciardo Australia
89%
Valtteri Bottas Finlandia
89%
Carlos Sainz Jr. Hiszpania
89%
Daniil Kvyat Rosja
89%
Antonio Giovinazzi Włochy
89%
Guanyu Zhou Chiny
88%
Lando Norris Wielka Brytania
88%
Kevin Magnussen Dania
87%
Felipe Massa Brazylia
86%
Esteban Ocon Francja
86%
Vitaliy Petrov Rosja
86%
Nicholas Latifi Kanada
85%
Lance Stroll Kanada
84%
Ayrton Senna Brazylia
83%
Bruno Senna Brazylia
83%
Heikki Kovalainen Finlandia
82%
Max Verstappen Holandia
82%
Jos Verstappen Holandia
82%
Kamui Kobayashi Japonia
81%
Alexander Albon Tajlandia
81%
Romain Grosjean Francja
77%
Mika Hakkinen Finlandia
75%
Alain Prost Francja
75%
Sergey Sirotkin Rosja
75%
Marcus Ericsson Szwecja
72%
Mark Webber Australia
71%
Timo Glock Niemcy
68%
Pascal Wehrlein Niemcy
67%
Jack Aitken Wielka Brytania
67%
David Coultthard Wielka Brytania
65%
Rubens Barrichello Brazylia
61%
Stoffel Vandoorne Belgia
60%
Jean-Éric Vergne Francja
60%
Narain Karthikeyan Indie
60%
Giancarlo Fisichella Włochy
60%
Pietro Fittipaldi Brazylia
58%
Esteban Gutierrez Meksyk
58%
Charles Pic Francja
54%
Jacques Villeneuve Kanada
54%
Felipe Nasr Brazylia
52%
Juan Pablo Montoya Kolumbia
52%
Pastor Maldonado Wenezuela
52%
Max Chilton Wielka Brytania
51%
Will Stevens Wielka Brytania
50%
Jarno Trulli Włochy
49%
Jolyon Palmer Wielka Brytania
47%
Eddie Irvine Wielka Brytania
47%
Tatiana Calderón Kolumbia
46%
Adrian Sutil Niemcy
46%
Scott Speed Stany Zjednoczone
46%
Sergio Sette Camara Brazylia
42%
Sebastien Buemi Szwajcaria
42%
Brendon Hartley Nowa Zelandia
39%
Rio Haryanto Indonezja
37%
Paul Di Resta Wielka Brytania
37%
Roberto Merhi Hiszpania
28%
Zsolt Baumgartner Węgry
22%
Nie znaleziono quizów pasujących do podanych kryteriów
Rozkład punktacji
Procent ludzi z każdym wynikiem
Percentyl według liczby udzielonych odpowiedzi
Twoja historia wyników
Nie rozwiązałeś tego quizu od ostatniego zresetowania